In association with Sri Sri Anandamayi (Record no. 514969)

000 -LEADER
fixed length control field 00426nam a2200145 4500
082 ## - DEWEY DECIMAL CLASSIFICATION NUMBER
Classification number TNC A99 An14\G959
100 ## - MAIN ENTRY--PERSONAL NAME
Personal name Gupta, Amulya Kumar Datta
9 (RLIN) 19996
245 ## - TITLE STATEMENT
Title In association with Sri Sri Anandamayi
260 ## - PUBLICATION, DISTRIBUTION, ETC. (IMPRINT)
Place of publication, distribution, etc Calcutta
Name of publisher, distributor, etc Sri Sri Anandamayi
Date of publication, distribution, etc 1986
300 ## - PHYSICAL DESCRIPTION
Extent 229p.
650 ## - SUBJECT ADDED ENTRY--TOPICAL TERM
Topical term or geographic name as entry element Anandamayi, -- 1896-1982
9 (RLIN) 19997
650 ## - SUBJECT ADDED ENTRY--TOPICAL TERM
Topical term or geographic name as entry element Spiritual life -- Hinduism
9 (RLIN) 19998
650 ## - SUBJECT ADDED ENTRY--TOPICAL TERM
Topical term or geographic name as entry element Hindu philosophy
9 (RLIN) 19999
942 ## - ADDED ENTRY ELEMENTS (KOHA)
Source of classification or shelving scheme
Holdings
Withdrawn status Lost status Source of classification or shelving scheme Damaged status Koha normalized classification for sorting Not for loan Permanent location Current location Date acquired Full call number Barcode Date last seen Price effective from Koha item type
        TNC_A99_AN14G959   Indian Institute of Public Administration Indian Institute of Public Administration 2021-01-04 TNC A99 An14\G959 GR22064 2021-01-04 2021-01-04 GR

Powered by Koha